Red Hat enterprise Linux and Fedora Core 4 : (Record no. 3028)
[ view plain ]
| 000 -LEADER | |
|---|---|
| fixed length control field | 00812cam a22002292 4500 |
| 001 - CONTROL NUMBER | |
| control field | 0000006030 |
| 005 - DATE AND TIME OF LATEST TRANSACTION | |
| control field | 20151217145828.0 |
| 008 - FIXED-LENGTH DATA ELEMENTS--GENERAL INFORMATION | |
| fixed length control field | 070912s xx 000 0 eng d |
| 020 ## - INTERNATIONAL STANDARD BOOK NUMBER | |
| International Standard Book Number | 0070618364 : |
| Terms of availability | KES 1,850 |
| 040 ## - CATALOGING SOURCE | |
| Original cataloging agency | KABU |
| Transcribing agency | KABU |
| 100 1# - MAIN ENTRY--PERSONAL NAME | |
| Personal name | Petersen, Richard L. |
| -- | 0000157387 |
| 245 10 - TITLE STATEMENT | |
| Title | Red Hat enterprise Linux and Fedora Core 4 : |
| Remainder of title | the complete reference / |
| Statement of responsibility, etc. | Richard L. Petersen. |
| 260 ## - PUBLICATION, DISTRIBUTION, ETC. (IMPRINT) | |
| Place of publication, distribution, etc. | New Delhi : |
| Name of publisher, distributor, etc. | Tata McGraw-Hill, |
| Date of publication, distribution, etc. | 2006. |
| 300 ## - PHYSICAL DESCRIPTION | |
| Extent | xxxix, 927 p. + |
| Accompanying material | 1 cd-rom. |
| 650 #0 - SUBJECT ADDED ENTRY--TOPICAL TERM | |
| Topical term or geographic name as entry element | Linux. |
| -- | 0000148390 |
| 650 #0 - SUBJECT ADDED ENTRY--TOPICAL TERM | |
| Topical term or geographic name as entry element | Operating systems (Computers) |
| -- | 0000146540 |
| 908 ## - PUT COMMAND PARAMETER (RLIN) | |
| Put command parameter | 070912 |
| 950 ## - LOCAL HOLDINGS (RLIN) | |
| -- | 1 |
| Withdrawn status | Lost status | Source of classification or shelving scheme | Not for loan | Home library | Current library | Date acquired | Total Checkouts | Full call number | Barcode | Date last seen | Price effective from | Koha item type | Date last checked out |
|---|---|---|---|---|---|---|---|---|---|---|---|---|---|
| Library of Congress Classification | Kabarak, Main Campus | Kabarak, Main Campus | 17/12/2015 | QA76.76 .O63P48 2006 | 005088 | 17/12/2015 | 17/12/2015 | General Collection | |||||
| Library of Congress Classification | Kabarak, Main Campus | Kabarak, Main Campus | 17/12/2015 | 1 | QA76.76 .O63P48 2006 | 011052 | 25/02/2019 | 17/12/2015 | General Collection | 18/02/2019 | |||
| Library of Congress Classification | Kabarak, Main Campus | Kabarak, Main Campus | 17/12/2015 | QA76.76 .O63P48 2006 | 011053 | 25/10/2021 | 17/12/2015 | General Collection |